• 首页
  • 本馆介绍
  • 公告通知
  • 最新文献
  • 馆藏检索
  • 电子资源
  • 读者导购
  • 参考咨询
  • 我的图书馆
  • 登录
  • 详细信息显示
  • 放入我的书架
  • 预约/预借图书
  • 作者相关作品
  • 分类相关作品
  • 丛书相关作品
  • 出版社相关作品

书目信息

  • 表格格式
  • 工作单格式
  • 卡片格式
题名:
养禽学
    
 
作者: ;广东省仲恺农业学校 主编
分册:  
出版信息: 北京   农业出版社  1979
页数: 336页
开本: 19cm
丛书名:
单 册:
中图分类: S83-43
科图分类:
主题词: 养禽学--专业学校--教材
电子资源:
ISBN: 16144.1951
000 00703nam0 2200241 450
001 0179004684
005 20100712215557.0
010    @a16144.1951@dCNY1.05
091    @a16144.1951
100    @a19950801d1979 em y0chiy0110 ea
101 0  @achi
102    @aCN@b110000
105    @ay z 000yy
106    @ar
200 1  @a养禽学@9Yang Qin Xue @f广东省仲恺农业学校主编
210    @a北京@c农业出版社@d1979
215    @a336页@d19cm
300    @a全国中等农业学校试用教材 供畜牧专业用
606 0  @a养禽学@x专业学校@x教材
690    @aS83-43@v3
711 02 @a广东省仲恺农业学校@9guang dong sheng zhong kai nong ye xue xiao@4主编
801  0 @aCN@bAzMarc@c20130904
905    @aBZT@dS83@e102@f19@sS83/102
    
    养禽学/广东省仲恺农业学校主编.-北京:农业出版社,1979
    336页;19cm
    全国中等农业学校试用教材 供畜牧专业用
    
    ISBN 16144.1951:CNY1.05
    
●
相关链接 在五车中查询图书 在当当中查询图书 在豆瓣中查询图书


正题名:养禽学     索取号:S83/102         预约/预借

序号 登录号 条形码 馆藏地/架位号 状态 备注
1 2000045633   2000045633   旧书回溯/ [索取号:S83/102] 在馆    
2 2000045634   2000045634   旧书回溯/ [索取号:S83/102] 在馆    
3 2000086499   2000086499   旧书回溯/ [索取号:S83/102] 在馆    
4 2000086500   2000086500   旧书回溯/ [索取号:S83/102] 在馆    
5 2000086501   2000086501   旧书回溯/ [索取号:S83/102] 在馆    
6 2000086502   2000086502   旧书回溯/ [索取号:S83/102] 在馆    
7 2000086503   2000086503   旧书回溯/ [索取号:S83/102] 在馆    
8 2000086504   2000086504   旧书回溯/ [索取号:S83/102] 在馆    
9 2000086505   2000086505   旧书回溯/ [索取号:S83/102] 在馆    
10 2000086506   2000086506   旧书回溯/ [索取号:S83/102] 在馆    
11 2000086507   2000086507   旧书回溯/ [索取号:S83/102] 在馆    
12 2000086508   2000086508   旧书回溯/ [索取号:S83/102] 在馆    
13 2000086509   2000086509   旧书回溯/ [索取号:S83/102] 在馆    
14 2000086510   2000086510   旧书回溯/ [索取号:S83/102] 在馆    
15 2000086511   2000086511   旧书回溯/ [索取号:S83/102] 在馆    
16 2000086512   2000086512   旧书回溯/ [索取号:S83/102] 在馆    
17 2000086513   2000086513   旧书回溯/ [索取号:S83/102] 在馆    
18 2000086514   2000086514   旧书回溯/ [索取号:S83/102] 在馆    
19 2000150376   2000150376   旧书回溯/ [索取号:S83/102] 在馆    
山东省滨州职业学院图书馆 欢迎您!
大连网信软件有限公司© 版权所有